Universitarias / (Record no. 155168)

MARC details
000 -LEADER
campo de control de longitud fija 00686nam a22001815i 4500
001 - NÚMERO DE CONTROL
campo de control 155168
003 - IDENTIFICADOR DE NÚMERO DE CONTROL
campo de control ES-MaACL
005 - FECHA Y HORA DE LA ÚLTIMA TRANSACCIÓN
campo de control 20250804063428.0
008 - DATOS DE LONGITUD FIJA--INFORMACIÓN GENERAL
campo de control de longitud fija 010723s1897 sp |||| | spa d
040 ## - FUENTE DE CATALOGACIÓN
Centro catalogador/agencia de origen CAM
Lengua de catalogación spa
Centro/agencia transcriptor CAM
100 1# - ENTRADA PRINCIPAL--NOMBRE DE PERSONA
Nombre de persona Hazañas y La Rúa, Joaquín,
Fechas asociadas al nombre 1862-1934
9 (RLIN) 62227
245 10 - MENCIÓN DEL TÍTULO
Título Universitarias /
Mención de responsabilidad, etc. por Joaquín Hazañas y la Rua, (Lisardo, el estudiante).
260 ## - PUBLICACIÓN, DISTRIBUCIÓN, ETC.
Lugar de publicación, distribución, etc. Sevilla :
Nombre del editor, distribuidor, etc. Lib. é Imp. de Izquierdo y compª,
Fecha de publicación, distribución, etc. 1897.
300 ## - DESCRIPCIÓN FÍSICA
Extensión 36 p. ;
Dimensiones 22 cm.
650 #4 - PUNTO DE ACCESO ADICIONAL DE MATERIA--TÉRMINO DE MATERIA
Término de materia o nombre geográfico como elemento de entrada Universidades-
Subdivisión geográfica España-
Subdivisión cronológica S.XIX.
9 (RLIN) 151115
852 ## - LOCALIZACIÓN
Ubicación ES-MaACL
Número de control de estantería T-866-F-7
Nota libre -- Enc. hol., conservando la enc. editorial
-- -- Ded. ms. del autor al Ateneo
Holdings
Estatus retirado Estado de pérdida Estado de daño No para préstamo Colección Biblioteca de origen Biblioteca actual Ubicación en estantería Fecha de adquisición Total de préstamos Signatura topográfica completa Código de barras Visto por última vez Precio de reemplazo Tipo de ítem Koha
        Colección de folletos Biblioteca del Ateneo de Madrid Biblioteca del Ateneo de Madrid Depósito folletos 17/01/2008   T-866-F-7 1162314 23/02/2023 23/02/2023 Folleto